Barkhī az mavāẓiʻ-i Sāzmān-i Mujāhidīn-i Khalq-i Īrān va mavāẓiʻ-i parāgmātīst - upūrtūnīsthā-yi rāst-i khāʾin bi-sardamdārī-i Masʻūd Rajavī.
Disimpan dalam:
| Format: | Buku |
|---|---|
| Bahasa: | Persian |
| Diterbitkan: |
[S.l. :
s.n. ,
19--?]
|
| Siri: | MEMP Chaqueri project ;
652. Cosroe Chaqueri Collection of Iranian Opposition Materials ; 255. |
| Subjek-subjek: | |
| Penanda-penanda: |
Tambah Penanda
Tiada Penanda, Jadilah orang pertama menanda rekod ini!
|
| LEADER | 00746nam a22002055a 4500 | ||
|---|---|---|---|
| 001 | 009008564-7 | ||
| 005 | 20060307102700.0 | ||
| 008 | 021219s19uu xx |000|0|per|d | ||
| 035 | 0 | |a ocn239864233 | |
| 245 | 0 | 0 | |a Barkhī az mavāẓiʻ-i Sāzmān-i Mujāhidīn-i Khalq-i Īrān va mavāẓiʻ-i parāgmātīst - upūrtūnīsthā-yi rāst-i khāʾin bi-sardamdārī-i Masʻūd Rajavī. |
| 260 | |a [S.l. : |b s.n. , |c 19--?] | ||
| 300 | |a 28 p. | ||
| 500 | |a Title from cover. | ||
| 500 | |a "bi-naql as asnad" | ||
| 610 | 2 | 0 | |a Sāzmān-i Mujāhidīn-i Khalq (Iran) |
| 600 | 1 | 0 | |a Rajavī, Masʻūd |
| 830 | 0 | |a MEMP Chaqueri project ; |v 652. |5 mmf | |
| 830 | 0 | |a Cosroe Chaqueri Collection of Iranian Opposition Materials ; |v 255. | |
| 988 | |a 20021219 | ||
| 906 | |0 MH | ||


